00499nam a2200169Ia 4500999001700000003000400017005001700021008004100038040000900079082001800088100003100106245005200137260005700189300000900246650003100255942004300286 c35136d35136OSt20231211115755.0190216s9999||||xx |||||||||||||| ||und|| coclc a954.83bMEN/K1 aSreedhara Menon, A.910096 0aKerala District Gazetteers /cA Sreedhara Menon bSuperintendent Of Govt. Presses,c1962.aTrivandrum: a793p aKerala District Gazetteers cREF2ddch954.83iMEN/Kk954.83mMEN/K